=LDR 00000nam 2200000 4500 =001 INLIS000000000036896 =005 20130612142644 =008 ***********************************Ind** =035 ##$$a0010-061300000036896 =041 ##$$a Ind =082 ##$$a 028.5 =090 ##$$a 028.5, Edw a =100 ##$$a Edward, Dorothy =245 ##$$a Adikku yang nakal dan harry yang bengel, Dorothy Edward ; alih bahasa, Listiana Srisanti =260 ##$$a 2011 $b Jakarta =300 ##$$a 114 hlm, ilus, 20 cm =650 ##$$a Bacaan kanak-kanak =850 ##$$a NBPNMAT =990 ##$$a 0001/BPAP-NTB/20142014